| 000 | 00862nam a2200217Ia 4500 | ||
|---|---|---|---|
| 001 | 258 | ||
| 005 | 20251205091907.0 | ||
| 008 | 251203t1998||||xx |||||||||||||| ||spa|| | ||
| 020 | _a8449406889 | ||
| 041 | _aESP | ||
| 082 |
_a869.56 _bP19T |
||
| 100 |
_aPalma, Ricardo, _cAUT |
||
| 245 | 0 |
_aTradiciones peruanas : _bVolúmenes 1-3 |
|
| 260 |
_aBarcelona : _bOcéano Grupo Editorial, _c1998 |
||
| 300 |
_a672 páginas : _b láminas, ilustraciones ; _c 25 cm. |
||
| 505 | _aContiene: Volumen 1. Con láminas inéditas, reproducidas en color, de Pancho Fierro. Incluye las monografías: Ricardo Palma, el tradicionista y Pancho Fierro, acuarelista limeño por Angélica Palma; Volumen 2-3: Con láminas inéditas, reproducidas en color, de Pancho Fierro. | ||
| 650 | _aLYR | ||
| 653 | _aLiteratura peruana - Siglo XX | ||
| 654 | _aCTP | ||
| 942 |
_cLIB _dJUS _fMAT _2ddc |
||
| 999 |
_c258 _d258 |
||